Competitiveness map of the settlements in Pest County

Nowadays, the concepts of globalization and competitiveness increasingly come to the fore. Territorial entities are looking for the correct direction of development at all levels to answer the accelerated world economy changes by Internet and other developments. With the help of the European Union,...

Teljes leírás

Elmentve itt :
Bibliográfiai részletek
Szerzők: Kiss Máté
Goda Pál
Péter Balázs
Dokumentumtípus: Cikk
Megjelent: 2013
Sorozat:Review on agriculture and rural development 2 No. 1
Kulcsszavak:Versenyképesség - Magyarország - regionális, Budapest - agglomeráció, Pest megye, Regionális egyenlőtlenségek
Tárgyszavak:
Online Access:http://acta.bibl.u-szeged.hu/55271
LEADER 02054nab a2200241 i 4500
001 acta55271
005 20240416151612.0
008 180616s2013 hu o 0|| eng d
022 |a 2063-4803 
040 |a SZTE Egyetemi Kiadványok Repozitórium  |b hun 
041 |a eng 
100 1 |a Kiss Máté 
245 1 0 |a Competitiveness map of the settlements in Pest County  |h [elektronikus dokumentum] /  |c  Kiss Máté 
260 |c 2013 
300 |a 301-306 
490 0 |a Review on agriculture and rural development  |v 2 No. 1 
520 3 |a Nowadays, the concepts of globalization and competitiveness increasingly come to the fore. Territorial entities are looking for the correct direction of development at all levels to answer the accelerated world economy changes by Internet and other developments. With the help of the European Union, Hungary is also looking for its place and its development opportunities in this regional competition. This study is an abbreviated version of a multi-year research. Since joining the European Union, Hungarian regions were not always able to take advantage of the opportunities provided by the EU. In our study, we are looking for the disparities within the territory of the Central Hungarian region without Budapest. What is the grade of homogeneity in Pest County? It seems to be proven that even the most developed region of Hungary has significant regional disparities in terms of competitiveness. After the global economic crisis of 2008-2009 the importance of comparative advantages and competitiveness have been increased at both national and regional levels (KÁPOSZTA - NAGY - VILLÁNYI, 2008; HORSKÁ - SMUTKA - MAITAH, 2012). 
650 4 |a Társadalomtudományok 
650 4 |a Társadalom- és gazdaságföldrajz 
695 |a Versenyképesség - Magyarország - regionális, Budapest - agglomeráció, Pest megye, Regionális egyenlőtlenségek 
700 0 1 |a Goda Pál  |e aut 
700 0 1 |a Péter Balázs  |e aut 
856 4 0 |u http://acta.bibl.u-szeged.hu/55271/1/agricul_review_2013_001_suppl_301-306.pdf  |z Dokumentum-elérés